[Event "FRA-ch U18"]
[Site "Agen"]
[Date "2022.04.17"]
[Round "1"]
[White "Girel, Joseph"]
[Black "Akriche Giubert, Thomas"]
[Result "1-0"]
[WhiteElo "2404"]
[BlackElo "1643"]
[PlyCount "63"]
[EventDate "2022.04.16"]
[EventType "swiss"]
[EventRounds "9"]
[EventCountry "FRA"]
[SourceTitle "EXT 2023"]
[Source "ChessBase"]
[SourceDate "2022.10.05"]
[SourceVersion "1"]
[SourceVersionDate "2022.10.05"]
[SourceQuality "1"]

1. e4 c5 2. Nf3 e6 3. d4 cxd4 4. Nxd4 a6 5. c4 Nf6 6. Nc3 Qc7 7. Be2 Nc6 8. 0-0 Bb4 9. Qd3 b6 10. Nxc6 dxc6 11. f4 Bb7 12. e5 Bxc3 13. Qxc3 Nd7 14. Be3 c5 15. Rad1 0-0 16. Rd6 Rad8 17. Rfd1 Nb8 18. b4 Rc8 19. bxc5 bxc5 20. Qa3 Be4 21. Bf1 Rfe8 22. Bf2 h6 23. h3 Rf8 24. Kh2 Rfe8 25. Bh4 Rf8 26. Be1 Qb7 27. Ba5 Rc6 28. Rd8 Rxd8 29. Rxd8+ Kh7 30. Qb3 Rc8 31. Bd3 Rxd8 32. Qxb7 1-0